[Event "BEL-ch U20"]
[Site "Worriken Buetgenbach"]
[Date "2004.04.11"]
[Round "9.5"]
[White "Deplus, Geoffroy"]
[Black "De Bock, Lennart"]
[Result "0-1"]
[WhiteElo "1641"]
[BlackElo "1860"]
[PlyCount "150"]
[EventDate "2004.04.03"]
[EventType "swiss"]
[EventRounds "9"]
[EventCountry "BEL"]
[SourceTitle "EXT 2006"]
[Source "ChessBase"]
[SourceDate "2005.11.24"]
[SourceVersion "1"]
[SourceVersionDate "2005.11.24"]
[SourceQuality "1"]

1. e4 c5 2. Nf3 d6 3. Bb5+ Bd7 4. Bxd7+ Qxd7 5. 0-0 e6 6. c3 Nf6 7. Re1 Be7 8. d4 0-0 9. Bg5 h6 10. Bf4 d5 11. e5 Ne4 12. Nbd2 Nxd2 13. Qxd2 Nc6 14. dxc5 Bxc5 15. Bxh6 Ne7 16. Be3 b6 17. Ng5 Nf5 18. Bd4 Rfc8 19. Nf3 Rc7 20. Rac1 Rac8 21. b4 Bf8 22. Be3 Rc4 23. Nd4 Nxe3 24. Qxe3 Qc7 25. Nb5 Qd8 26. f4 a5 27. a3 Qd7 28. Qxb6 axb4 29. Nd6 Bxd6 30. Qxd6 Qa7+ 31. Kh1 bxa3 32. f5 R4c6 33. Qb4 Rc4 34. Qd6 R4c6 35. Qb4 Rb8 36. Qg4 exf5 37. Qxf5 Qe7 38. Qf4 Rbc8 39. Qd4 Qc5 40. Qa4 d4 41. c4 Re6 42. h3 Rc7 43. Qa8+ Rc8 44. Qa4 d3 45. Red1 Rg6 46. Rxd3 Qf2 47. Qc2 Rxg2 48. Qxf2 Rxf2 49. Rxa3 Re2 50. Ra5 Kf8 51. Rd5 Ke7 52. c5 Ke6 53. Rcd1 Rxe5 54. Rd6+ Ke7 55. c6 Re1+ 56. Rxe1+ Kxd6 57. Rb1 f6 58. Rg1 Rc7 59. Kh2 Kxc6 60. Kg3 Kd6 61. Kf4 Ke6 62. Re1+ Kf7 63. h4 Rc4+ 64. Kg3 Kg6 65. Ra1 Rc5 66. Ra4 Kh5 67. Rb4 Rc3+ 68. Kg2 f5 69. Ra4 Re3 70. Ra7 g6 71. Ra6 Re4 72. Kg3 Rg4+ 73. Kf3 Kxh4 74. Ra1 Kg5 75. Ra6 Rb4 0-1

[Event "BEL-ch U20"]
[Site "Worriken Buetgenbach"]
[Date "2004.04.08"]
[Round "6.4"]
[White "Deplus, Geoffroy"]
[Black "Ghyselen, Jonas"]
[Result "0-1"]
[WhiteElo "1641"]
[BlackElo "1595"]
[PlyCount "54"]
[EventDate "2004.04.03"]
[EventType "swiss"]
[EventRounds "9"]
[EventCountry "BEL"]
[SourceTitle "EXT 2006"]
[Source "ChessBase"]
[SourceDate "2005.11.24"]
[SourceVersion "1"]
[SourceVersionDate "2005.11.24"]
[SourceQuality "1"]

1. d4 d5 2. Nf3 Nf6 3. e3 Bf5 4. Be2 e6 5. Nh4 Bg6 6. Nxg6 hxg6 7. c4 dxc4 8. Bxc4 Bd6 9. Qf3 c6 10. h3 Nbd7 11. Bd2 e5 12. dxe5 Nxe5 13. Qe2 Ne4 14. Nc3 Nxd2 15. Kxd2 Qb6 16. Kc2 Qc5 17. Bb3 b5 18. a3 Rb8 19. Kd2 Nc4+ 20. Bxc4 bxc4 21. Kc2 Be5 22. Rab1 0-0 23. Rhd1 Rb3 24. Ne4 Qb5 25. Nc3 Bxc3 26. bxc3 Rb8 27. Qe1 Rb2+ 0-1